000
00306nam a22001337a 4500
008
170215b xxu||||| |||| 00| 0 eng d
020
_a
9780801677892
041
_a
eng
080
_2
6TH
_a
61
100
_a
4
101
_a
SHM
245
_a
MANUAL OF PULMONARY FUNCTION TESTING
_c
RUPPEL, G
942
_2
udc
_c
BK
999
_c
5516
_d
5516